US States by Senator (harder) - Statistics

General Stats
  • This quiz has been taken 62 times
  • The average score is 35 of 50
Answer Stats
Senator State % Correct
Dianne Feinstein California
94%
Kirsten Gillibrand New York
94%
Mitch McConnell Kentucky
92%
Susan Collins Maine
88%
Robert Menendez New Jersey
86%
Tim Kaine Virginia
84%
Tammy Baldwin Wisconsin
84%
Amy Klobuchar Minnesota
82%
Chris Murphy Connecticut
80%
Richard Durbin Illinois
80%
Patrick Leahy Vermont
80%
Bill Nelson Florida
78%
Chuck Grassley Iowa
78%
Tim Scott South Carolina
78%
Jeff Flake Arizona
76%
Michael Bennet Colorado
73%
Ed Markey Massachusetts
73%
Rob Portman Ohio
73%
Robert Casey Pennsylvania
73%
Ben Sasse Nebraska
71%
Bob Corker Tennessee
71%
Mike Lee Utah
71%
Maria Cantwell Washington
71%
Roy Blunt Missouri
69%
Jeanne Shaheen New Hampshire
69%
Jack Barrasso Wyoming
69%
Ben Cardin Maryland
67%
Ron Wyden Oregon
67%
John Cornyn Texas
67%
Richard Shelby Alabama
65%
Brian Schatz Hawaii
65%
Martin Heinrich New Mexico
65%
Richard Burr North Carolina
63%
Shelley Capito West Virginia
63%
Thomas Carper Delaware
61%
John Hoeven North Dakota
61%
Jack Reed Rhode Island
61%
Joe Donnelly Indiana
59%
Roger Wicker Mississippi
59%
David Perdue Georgia
57%
Jerry Moran Kansas
57%
Gary Peters Michigan
57%
John Boozman Arkansas
55%
James Risch Idaho
55%
James Lankford Oklahoma
55%
Bill Cassidy Louisiana
53%
Dean Heller Nevada
53%
Daniel Sullivan Alaska
51%
Steve Daines Montana
51%
Mike Rounds South Dakota
49%
No matching quizzes found
Score Distribution
Percent of People with Each Score
Percentile by Number Answered
Your Score History
You have not taken this quiz